LEADER 01263nam a2200265 i 4500 001 000000192718 003 CaOOAMICUS 005 20101011000000.0 008 101011s2010 vc u000 u mul u 013 $a171343 020 $a978-88-401-5025-3 040 $aSeMil$bita 245 10$aNuove forme di vita consacrata /$ca cura di Roberto Fusco e Giancarlo Rocca. 260 $aRoma :$bUrbaniana University Press,$c2010. 300 $a303 p. ;$c24 cm. 500 $aContributi del convegno "Le nuove forme di vita consacrata e le nuove comunità" organizzato dalla Fraternità Francescana di Betania e dal Coordinamento Storici Religiosi nel 2007. 650 4$aVita consacrata.$0(OLS)http://semarc/subject/3870 700 1 $aFusco, Roberto,$d.$0(OLS)http://semarc/name/13169 700 1 $aRocca, Giancarlo,$c.$0(OLS)http://semarc/name/1404 850 $aSeMil 852 $aSeMil$W1$xVenegono$y1$m3G VI 47$j143293$B143293$CSeMilBibl$Z2$F156139 $81 961 $aAcquisto: Urbaniana University Press 996 $6020$a978-88-401-5025-3$9(OLS)http://semarc/number/184006 996 $6245$aNuove forme di vita consacrata$9(OLS)http://semarc/title/277794 996 $6260$aRoma :$bUrbaniana University Press$9(OLS)http://semarc/publisher/30426 LEADER 01070nam a2200217 i 4500 001 000000120285 003 CaOOAMICUS 005 20031117000000.0 008 031117n it u000 u ita u 013 $a92979 040 $aSeMil$bita 100 1 $aMorstabilini, Luigi .$0(OLS)http://semarc/name/5124 245 10$aRiflessioni suggerite dalla Visita Pastorale alla Chiesa bresciana :$bquarta parte : conversazione con i miei sacerdoti. 260 $aBrescia :$bTipografia S. Eustacchio,$c[1978?] 300 $a139 p. 773 0 $aMorstabilini, Luigi $tCammino post-conciliare di una Chiesa locale.$d[Italia : s.n.], 1975-1979.$w()10511 850 $aSeMil 852 $aSeMil$W1$xVenegono$y1$m3B IV 25$j75473$B75473$CSeMilBibl$Z2$F86148 $81 961 $aOmaggio: Martini Card. Carlo Maria 996 $6245$aRiflessioni suggerite dalla Visita Pastorale alla Chiesa bresciana :$bquarta parte : conversazione con i miei sacerdoti$9(OLS)http://semarc/title/176976 996 $6260$aBrescia :$bTipografia S. Eustacchio$9(OLS)http://semarc/publisher/45984